| 000 | 00499nam a22001697a 4500 | ||
|---|---|---|---|
| 005 | 20260302161231.0 | ||
| 008 | 260302b |||||||| |||| 00| 0 eng d | ||
| 020 | _a978-9914-709-80-3 | ||
| 100 | _aOWINO, MOSES | ||
| 245 |
_aKIELEKEZI CHA KISWAHILI _bGREDI YA KUMI KITABU CHA WANAFUNZI |
||
| 260 |
_aNAIROBI _bMENTOR PUBLISHING _c2025 |
||
| 300 | _aVI, 183P. | ||
| 500 | _aILL. (COLOURED) | ||
| 650 | _a1. SWAHILI LANGUAGE - STUDY AND TEACHING | ||
| 700 | _aKAMITHI, PATRICK | ||
| 942 |
_2lcc _cBK |
||
| 999 |
_c216739 _d216739 |
||